<?xml version="1.0" encoding="UTF-8"?>
<record
    xmlns:xsi="http://www.w3.org/2001/XMLSchema-instance"
    xsi:schemaLocation="http://www.loc.gov/MARC21/slim http://www.loc.gov/standards/marcxml/schema/MARC21slim.xsd"
    xmlns="http://www.loc.gov/MARC21/slim">

  <leader>01813    a2200205   4500</leader>
  <controlfield tag="001">27182</controlfield>
  <controlfield tag="005">20260407155548.0</controlfield>
  <controlfield tag="008">260407a1967    arg                 spa d</controlfield>
  <controlfield tag="003">AR-UNSa-BCEJYS</controlfield>
  <datafield tag="040" ind1=" " ind2=" ">
    <subfield code="a">AR-UNSa-BCEJYS</subfield>
    <subfield code="b">spa</subfield>
    <subfield code="c">AR-UNSa-BCEJYS</subfield>
  </datafield>
  <datafield tag="080" ind1=" " ind2=" ">
    <subfield code="a">347.736</subfield>
    <subfield code="x">Quiebra. Insolvencia. Suspensi&#xF3;n de pagos. Bancarrota, procedimientos. Derecho Concursal</subfield>
  </datafield>
  <datafield tag="245" ind1="1" ind2="0">
    <subfield code="a">El concurso de acreedores</subfield>
  </datafield>
  <datafield tag="264" ind1=" " ind2="1">
    <subfield code="a">Buenos Aires :</subfield>
    <subfield code="b">Plus Ultra</subfield>
    <subfield code="c">1967</subfield>
  </datafield>
  <datafield tag="300" ind1=" " ind2=" ">
    <subfield code="a">3v. (473; 476-1037; 1040-1461)</subfield>
    <subfield code="c">20 cm.</subfield>
  </datafield>
  <datafield tag="505" ind1=" " ind2=" ">
    <subfield code="a">Parte Primera: Tomo I: 1. Concurso civil y quiebra - 2. Legislaci&#xF3;n comparada sobre concursos - 3. Legislaci&#xF3;n argentina - 4. Concurso a solicitud del deudor - 5. Concurso a solicitud del acreedor - 6. Concurso de una sucesi&#xF3;n - 7. Incidente de oposici&#xF3;n - 8. Efectos del auto declaratorio de concurso - Tomo II: 9. Verificaci&#xF3;n de cr&#xE9;ditos y ocupaci&#xF3;n de bienes - 10. Representaci&#xF3;n patrimonial - 11. Pensi&#xF3;n alimenticia - 12. Situaci&#xF3;n del concursado ante el c&#xF3;digo civil - 13. R&#xE9;gimen de los bienes de concurso - 14.v Terminaci&#xF3;n del concurso - Parte Segunda: Tomo III: 1. Legislaci&#xF3;n comparada sobre rehabilitaci&#xF3;n - 2. Legislaci&#xF3;n argentina sobre rehabilitaci&#xF3;n - 3. Iniciativas anteriores a la ley 11.077 - 4. Antecedentes relativos a la ley 11.077 - 5. Prop&#xF3;sito de la ley 11.077 - 6. Incidentes de rehabilitaci&#xF3;n - 7. Solicitud de rehabilitaci&#xF3;n - 8. Tramitaci&#xF3;n de incidentes - 9. Sentencia de rehabilitaci&#xF3;n - 10. Rehabilitaci&#xF3;n de oficio a solicitud de parte - 11. De la adjudicaci&#xF3;n - 12. Efectos de la rehabilitaci&#xF3;n sobre los bienes de la masa - 13. Efectos de la rehabilitaci&#xF3;n sobre las deudas del concursado - 14. Beneficio de competencia.</subfield>
  </datafield>
  <datafield tag="942" ind1=" " ind2=" ">
    <subfield code="c">BK</subfield>
  </datafield>
  <datafield tag="590" ind1=" " ind2=" ">
    <subfield code="a">niveau_biblio:m niveau_hierar:0</subfield>
  </datafield>
  <datafield tag="100" ind1="1" ind2=" ">
    <subfield code="a">Parry, R.</subfield>
  </datafield>
  <datafield tag="700" ind1="1" ind2=" ">
    <subfield code="a">Parry, A.E.</subfield>
  </datafield>
  <datafield tag="999" ind1=" " ind2=" ">
    <subfield code="c">1561</subfield>
    <subfield code="d">1561</subfield>
  </datafield>
  <datafield tag="952" ind1=" " ind2=" ">
    <subfield code="0">0</subfield>
    <subfield code="1">0</subfield>
    <subfield code="4">0</subfield>
    <subfield code="7">0</subfield>
    <subfield code="a">BCEJYS</subfield>
    <subfield code="b">BCEJYS</subfield>
    <subfield code="c">16</subfield>
    <subfield code="d">2026-04-07</subfield>
    <subfield code="l">0</subfield>
    <subfield code="o">347.736 P264 v.1</subfield>
    <subfield code="p">L22777</subfield>
    <subfield code="r">2026-04-07 15:55:48</subfield>
    <subfield code="w">2026-04-07</subfield>
    <subfield code="y">L</subfield>
  </datafield>
  <datafield tag="952" ind1=" " ind2=" ">
    <subfield code="0">0</subfield>
    <subfield code="1">0</subfield>
    <subfield code="4">0</subfield>
    <subfield code="7">0</subfield>
    <subfield code="a">BCEJYS</subfield>
    <subfield code="b">BCEJYS</subfield>
    <subfield code="c">16</subfield>
    <subfield code="d">2026-04-07</subfield>
    <subfield code="l">0</subfield>
    <subfield code="o">347.736 P264 v.1</subfield>
    <subfield code="p">L22780</subfield>
    <subfield code="r">2026-04-07 15:55:48</subfield>
    <subfield code="w">2026-04-07</subfield>
    <subfield code="y">L</subfield>
  </datafield>
  <datafield tag="952" ind1=" " ind2=" ">
    <subfield code="0">0</subfield>
    <subfield code="1">0</subfield>
    <subfield code="4">0</subfield>
    <subfield code="7">0</subfield>
    <subfield code="a">BCEJYS</subfield>
    <subfield code="b">BCEJYS</subfield>
    <subfield code="c">16</subfield>
    <subfield code="d">2026-04-07</subfield>
    <subfield code="l">0</subfield>
    <subfield code="o">347.736 P264 v.2</subfield>
    <subfield code="p">L22778</subfield>
    <subfield code="r">2026-04-07 15:55:48</subfield>
    <subfield code="w">2026-04-07</subfield>
    <subfield code="y">L</subfield>
  </datafield>
  <datafield tag="952" ind1=" " ind2=" ">
    <subfield code="0">0</subfield>
    <subfield code="1">0</subfield>
    <subfield code="4">0</subfield>
    <subfield code="7">0</subfield>
    <subfield code="a">BCEJYS</subfield>
    <subfield code="b">BCEJYS</subfield>
    <subfield code="c">16</subfield>
    <subfield code="d">2026-04-07</subfield>
    <subfield code="l">0</subfield>
    <subfield code="o">347.736 P264 v.2</subfield>
    <subfield code="p">L22781</subfield>
    <subfield code="r">2026-04-07 15:55:48</subfield>
    <subfield code="w">2026-04-07</subfield>
    <subfield code="y">L</subfield>
  </datafield>
  <datafield tag="952" ind1=" " ind2=" ">
    <subfield code="0">0</subfield>
    <subfield code="1">0</subfield>
    <subfield code="4">0</subfield>
    <subfield code="7">0</subfield>
    <subfield code="a">BCEJYS</subfield>
    <subfield code="b">BCEJYS</subfield>
    <subfield code="c">16</subfield>
    <subfield code="d">2026-04-07</subfield>
    <subfield code="l">0</subfield>
    <subfield code="o">347.736 P264 v.3</subfield>
    <subfield code="p">L22779</subfield>
    <subfield code="r">2026-04-07 15:55:48</subfield>
    <subfield code="w">2026-04-07</subfield>
    <subfield code="y">L</subfield>
  </datafield>
  <datafield tag="952" ind1=" " ind2=" ">
    <subfield code="0">0</subfield>
    <subfield code="1">0</subfield>
    <subfield code="4">0</subfield>
    <subfield code="7">0</subfield>
    <subfield code="a">BCEJYS</subfield>
    <subfield code="b">BCEJYS</subfield>
    <subfield code="c">16</subfield>
    <subfield code="d">2026-04-07</subfield>
    <subfield code="l">0</subfield>
    <subfield code="o">347.736 P264 v.3</subfield>
    <subfield code="p">L22782</subfield>
    <subfield code="r">2026-04-07 15:55:48</subfield>
    <subfield code="w">2026-04-07</subfield>
    <subfield code="y">L</subfield>
  </datafield>
</record>
